The person and work of Christ / (Record no. 4832)
[ view plain ]
| 000 -LEADER | |
|---|---|
| fixed length control field | 01797cam a2200277Ia 4500 |
| 001 - CONTROL NUMBER | |
| control field | 3080293 |
| 003 - CONTROL NUMBER IDENTIFIER | |
| control field | OCoLC |
| 005 - DATE AND TIME OF LATEST TRANSACTION | |
| control field | 20181214202621.0 |
| 008 - FIXED-LENGTH DATA ELEMENTS--GENERAL INFORMATION | |
| fixed length control field | 770628s1950 pauc b 000 0 eng |
| 010 ## - LIBRARY OF CONGRESS CONTROL NUMBER | |
| LC control number | 50002987 |
| 040 ## - CATALOGING SOURCE | |
| Original cataloging agency | DLC |
| Transcribing agency | MBS |
| Modifying agency | OCL |
| -- | HNW |
| -- | OCLCG |
| -- | WY@ |
| -- | DEBBG |
| -- | CVN |
| 050 ## - LIBRARY OF CONGRESS CALL NUMBER | |
| Classification number | BT201 |
| Item number | .W26 1950 |
| 082 ## - DEWEY DECIMAL CLASSIFICATION NUMBER | |
| Classification number | 232 |
| Item number | W274P |
| 100 1# - MAIN ENTRY--PERSONAL NAME | |
| Personal name | Warfield, Benjamin Breckinridge, |
| Dates associated with a name | 1851-1921. |
| 245 14 - TITLE STATEMENT | |
| Title | The person and work of Christ / |
| Statement of responsibility, etc. | by Benjamin Breckinridge Warfield ; edited by Samuel G. Craig. |
| 260 ## - PUBLICATION, DISTRIBUTION, ETC. | |
| Place of publication, distribution, etc. | Philadelphia, Pa. : |
| Name of publisher, distributor, etc. | Presbyterian and Reformed Pub. Co., |
| Date of publication, distribution, etc. | 1950. |
| 300 ## - PHYSICAL DESCRIPTION | |
| Extent | xiii, 575 p. : |
| Other physical details | port. ; |
| Dimensions | 24 cm. |
| 500 ## - GENERAL NOTE | |
| General note | A selection of articles from the author's collected writings as published by Oxford University Press subsequent to his death. |
| 504 ## - BIBLIOGRAPHY, ETC. NOTE | |
| Bibliography, etc. note | Bibliography: "Other articles on the person and work of Christ" : p. xiii. |
| 504 ## - BIBLIOGRAPHY, ETC. NOTE | |
| Bibliography, etc. note | Includes bibliographical references. |
| 505 0# - FORMATTED CONTENTS NOTE | |
| Formatted contents note | The person of Christ. The historical Christ -- The person of Christ according to the New Testament -- The Christ that Paul preached -- The emotional life of our Lord -- Jesus' alleged confession of sin -- The humanitarian Christ -- The "two natures" and recent Christological speculation -- Christless Christianity -- The work of Christ as redeemer. Redeemer and redemption -- The chief theories of the atonement -- Modern theories of the atonement -- Christ our sacrifice -- The New Testament terminology of redemption -- The essence of Christianity and the cross of Christ -- Appendix: Sermons. The risen Jesus (II Tim. ii. 8) -- The saving Christ (I Tim. i. 15) -- Imitating the incarnation (Phil. ii. 5-8). |
| 600 00 - SUBJECT ADDED ENTRY--PERSONAL NAME | |
| Personal name | Jesus Christ |
| General subdivision | Person and offices. |
| 650 #0 - SUBJECT ADDED ENTRY--TOPICAL TERM | |
| Topical term or geographic name entry element | Presbyterian Church |
| Form subdivision | Sermons. |
| 700 1# - ADDED ENTRY--PERSONAL NAME | |
| Personal name | Craig, Samuel G., |
| Dates associated with a name | 1874-1960. |
| 942 ## - ADDED ENTRY ELEMENTS (KOHA) | |
| Source of classification or shelving scheme | Dewey Decimal Classification |
| Koha item type | Books |
| Withdrawn status | Lost status | Source of classification or shelving scheme | Damaged status | Not for loan | Collection code | Home library | Current library | Shelving location | Date acquired | Cost, normal purchase price | Total Checkouts | Full call number | Barcode | Date last seen | Price effective from | Koha item type |
|---|---|---|---|---|---|---|---|---|---|---|---|---|---|---|---|---|
| Dewey Decimal Classification | Non-fiction | Harvest Mission College | Harvest Mission College | General Stacks | 14.12.2018 | 600.00 | 232 W274P | 005508 | 14.12.2018 | 14.12.2018 | Books |
